LEADER 01186nam2 2200397 450 001 990003372000203316 005 20100217121745.0 010 $a978-1-934115-17-6 035 $a000337200 035 $aUSA01000337200 035 $a(ALEPH)000337200USA01 035 $a000337200 100 $a20100217d2009----km-y0itay50------ba 101 $aeng 102 $aUS 105 $aaf--||||001yy 200 1 $aEpitope mapping protocols$fedited by Ulrich Reineke and Mike Schutkowski 205 $a2. ed. 210 $aNew York [etc.]$cHumana Press$d2009 215 $aXIII, 456 p., [8] carte di tav.$cill.$d24 cm 225 2 $aMethods in molecular biology$v524 225 2 $aSpringer Protocols 410 0$12001$aSpringer Protocols 410 0$1001000336582$12001$aMethods in molecular biology$v, 524 606 0 $aAntigeni 676 $a616.0792 702 1$aREINEKE,$bUlrich 702 1$aSCHUTKOWSKi,$bMike 801 0$aIT$bsalbc$gISBD 912 $a990003372000203316 951 $a612.79 EPI$b5325 Farm.$c612$d00255928 959 $aBK 969 $aFAR 979 $aPAOLA$b90$c20100217$lUSA01$h1217 996 $aEpitope mapping protocols$91123332 997 $aUNISA LEADER 01085nam0-22003131i-450- 001 990008001100403321 005 20060427102155.0 035 $a000800110 035 $aFED01000800110 035 $a(Aleph)000800110FED01 035 $a000800110 100 $a20050208d1918----km-y0itay50------ba 101 0 $aita 102 $aIT 105 $ay---n---001yy 200 1 $a<>legislazione in materia economica e finanziaria dello stato italiano durante il conflitto europeo$e(1 agosto 1914 - 31 luglio 1917) 210 $aMilano$cTreves$d1918 215 $a349 p.$d17 cm 225 1 $aMonografie preparatorie 300 $aIn testa al front.: Commissariato generale per le armi e munizioni, ufficio storiografico della mobilitazione 676 $a348.45$v19$zita 801 0$aIT$bUNINA$gRICA$2UNIMARC 901 $aBK 912 $a990008001100403321 952 $aXIV Z 66$bs. i.$fFGBC 952 $aXIV Z 58$b13136$fFGBC 959 $aFGBC 996 $aLegislazione in materia economica e finanziaria dello stato italiano durante il conflitto europeo$9749807 997 $aUNINA LEADER 04149nam 2200745 a 450 001 9910457771003321 005 20200520144314.0 010 $a1-5017-0564-4 010 $a0-8014-6280-0 010 $a0-8014-6279-7 024 7 $a10.7591/9780801462795 035 $a(CKB)2550000000054732 035 $a(OCoLC)757827319 035 $a(CaPaEBR)ebrary10497726 035 $a(SSID)ssj0000539178 035 $a(PQKBManifestationID)11362619 035 $a(PQKBTitleCode)TC0000539178 035 $a(PQKBWorkID)10568560 035 $a(PQKB)10766086 035 $a(StDuBDS)EDZ0001499154 035 $a(MiAaPQ)EBC3138247 035 $a(MdBmJHUP)muse28768 035 $a(DE-B1597)478399 035 $a(OCoLC)979575521 035 $a(DE-B1597)9780801462795 035 $a(Au-PeEL)EBL3138247 035 $a(CaPaEBR)ebr10497726 035 $a(CaONFJC)MIL681778 035 $a(EXLCZ)992550000000054732 100 $a20110524d2011 uy 0 101 0 $aeng 135 $aur||||||||||| 181 $ctxt 182 $cc 183 $acr 200 10$aMissing$b[electronic resource] $epersons and politics /$fJenny Edkins 210 $aIthaca $cCornell University Press$d2011 215 $a1 online resource (295 p.) 300 $aBibliographic Level Mode of Issuance: Monograph 311 $a1-322-50496-2 311 $a0-8014-5029-2 320 $aIncludes bibliographical references and index. 327 $aMissing persons, Manhattan -- Displaced persons, postwar Europe -- Tracing services -- Missing persons, London -- Forensic identification -- Missing in action -- Disappeared, Argentina -- Ambiguous loss. 330 $aStories of the missing offer profound insights into the tension between how political systems see us and how we see each other. The search for people who go missing as a result of war, political violence, genocide, or natural disaster reveals how forms of governance that objectify the person are challenged. Contemporary political systems treat persons instrumentally, as objects to be administered rather than as singular beings: the apparatus of government recognizes categories, not people. In contrast, relatives of the missing demand that authorities focus on a particular person: families and friends are looking for someone who to them is unique and irreplaceable.In Missing, Jenny Edkins highlights stories from a range of circumstances that shed light on this critical tension: the aftermath of World War II, when millions in Europe were displaced; the period following the fall of the World Trade Center towers in Manhattan in 2001 and the bombings in London in 2005; searches for military personnel missing in action; the thousands of political "disappearances" in Latin America; and in more "idian circumstances where people walk out on their families and disappear of their own volition. When someone goes missing we often find that we didn't know them as well as we thought: there is a sense in which we are "missing" even to our nearest and dearest and even when we are present, not absent. In this thought-provoking book, Edkins investigates what this more profound "missingness" might mean in political terms. 606 $aMissing persons$xIdentification$xPolitical aspects 606 $aMass casualties$xIdentification$xPolitical aspects 606 $aDead$xIdentification$xPolitical aspects 606 $aMissing in action$xIdentification$xPolitical aspects 606 $aDisappeared persons$xIdentification$xPolitical aspects 608 $aElectronic books. 615 0$aMissing persons$xIdentification$xPolitical aspects. 615 0$aMass casualties$xIdentification$xPolitical aspects. 615 0$aDead$xIdentification$xPolitical aspects. 615 0$aMissing in action$xIdentification$xPolitical aspects. 615 0$aDisappeared persons$xIdentification$xPolitical aspects. 676 $a362.87 686 $aMS 3300$2rvk 700 $aEdkins$b Jenny$0863060 801 0$bMiAaPQ 801 1$bMiAaPQ 801 2$bMiAaPQ 906 $aBOOK 912 $a9910457771003321 996 $aMissing$92451036 997 $aUNINA